Advances in radiation biology. V 07 (Record no. 28601)

MARC details
000 -LEADER
fixed length control field 00319nam a2200121Ia 4500
082 ## - DEWEY DECIMAL CLASSIFICATION NUMBER
Classification number 577.34
Item number ADV.7
245 #0 - TITLE STATEMENT
Title Advances in radiation biology. V 07
260 ## - PUBLICATION, DISTRIBUTION, ETC. (IMPRINT)
Place of publication New York
Name of publisher Academic
Year of publication 1978
650 ## - SUBJECT ADDED ENTRY--TOPICAL TERM
Topical Term Ionizing radiation
650 ## - SUBJECT ADDED ENTRY--TOPICAL TERM
Topical Term Radiation biology
942 ## - ADDED ENTRY ELEMENTS (KOHA)
Koha item type Books
Holdings
Withdrawn status Lost status Damaged status Not for loan Home library Current library Date acquired Full call number Accession Number Koha item type
        RRII Library RRII Library 16/12/2021 577.34 ADV.7 09200 Books